| 000 | nam a22 7a 4500 | ||
|---|---|---|---|
| 999 |
_c129565 _d129565 |
||
| 008 | 190503b xxu||||| |||| 00| 0 eng d | ||
| 050 | _aHV85.A374 | ||
| 100 |
_aCharity organisation bulletin _946261 |
||
| 245 |
_aCharity organisation bulletin _c/ by Charity organisation bulletin |
||
| 260 |
_aNew York: _bCharity organisation department, _c1911-16. |
||
| 300 |
_a152p. ; _c24cm. |
||
| 440 |
_aCase history Series _nno.1 _vv. 3 - v. 7 _946262 |
||
| 942 |
_2lcc _cMONOGRAPH |
||